| 000 | 00537cam a2200181 4500 | ||
|---|---|---|---|
| 001 | BFD002162 | ||
| 008 | s1946 ag spa | ||
| 035 | _aBFD002162 | ||
| 050 | 0 | 4 |
_aKJ91 _b.A4 L38 1946 |
| 100 | 1 | _aLask, Emil | |
| 245 | 1 | 0 |
_aFilosofía jurídica / _cEmil Lask ; prol. Enrique Martínez Paz- |
| 260 |
_aBuenos Aires, Arg. : _bDepalma, _c1946 |
||
| 300 |
_a101 p. ; _c20 cm. |
||
| 500 | _a1 ejemplar | ||
| 650 | 7 |
_aDerecho _xFilosofia _xAlemania _2Lemb |
|
| 700 | 1 |
_a Martínez Paz, Enrique, _eprol. |
|
| 942 |
_2lcc _cLIB |
||
| 999 |
_c68993 _d68993 |
||